Central Library OPAC University of Rajshahi

Travels in Arabia Deserta / (Record no. 24603)

MARC details
000 -LEADER
fixed length control field 02216cam a2200457 a 4500
001 - CONTROL NUMBER
control field 24603
003 - CONTROL NUMBER IDENTIFIER
rucl marc code BD-RjUL
005 - DATE AND TIME OF LATEST TRANSACTION
control field 20211209001055.0
008 - FIXED-LENGTH DATA ELEMENTS--GENERAL INFORMATION
fixed length control field 140313r19491936nyuab 001 0 eng
035 ## - SYSTEM CONTROL NUMBER
System control number (BD-RjUL)24672
040 ## - CATALOGING SOURCE
Original cataloging agency DLC
Transcribing agency DLC
Modifying agency DLC
-- BD-RjUL
Language of cataloging eng
041 ## - LANGUAGE CODE
Language code of text/sound track or separate title eng
051 ## - LIBRARY OF CONGRESS COPY, ISSUE, OFFPRINT STATEMENT
Classification number DS207
Item number .D73 1953 Copy 1
Copy information Copyright deposit copy, with embossed stamp below colophon: This is one of 15 presentation copies 'out of series.' No. 237 (Jan. 1953) of Monthly letter of the Limited Editions Club laid in.
Classification number LEC no. 231
Copy information Copy no. 1 in slipcase, acquired as part of an archival set from the publisher in 2008.
082 04 - DEWEY DECIMAL CLASSIFICATION NUMBER
Classification number 915.3
Author mark and year DOT 1949
100 1# - MAIN ENTRY--PERSONAL NAME
Personal name Doughty, Charles Montagu,
Dates associated with a name 1843-1926.
9 (RLIN) 75727
245 10 - TITLE STATEMENT
Title Travels in Arabia Deserta /
Statement of responsibility, etc. by Charles M. Doughty ; introduction by T.E. Lawrence.
Number of part/section of a work Volume-II
246 30 - VARYING FORM OF TITLE
Title proper/short title Arabia Deserta
Title proper/short title Charles M. Doughty's travels in Arabia Deserta
260 ## - PUBLICATION, DISTRIBUTION, ETC. (IMPRINT)
Place of publication, distribution, etc. London :
Name of publisher, distributor, etc. Jonathan cape,
Date of publication, distribution, etc. 1936 [reprinted1949].
300 ## - PHYSICAL DESCRIPTION
Pagination V-2 (696 p.) ;
Size 27 cm.
500 ## - GENERAL NOTE
General note "Planned by George Macy ... Printed by Irvin Silvers at the shop of the Garamond Press in Baltimore ... Fifteen hudnred numbered copies"--Colophon.
General note Case binding.
504 ## - BIBLIOGRAPHY, ETC. NOTE
Bibliography, etc includes index.
510 4# - CITATION/REFERENCES NOTE
Name of source Newman & Wiche. Great and good books,
Location within source 231
Name of source Limited Editions Club. Bibliography of the fine books published by the Limited Editions Club, 1929-1985,
Location within source no. 231
600 10 - SUBJECT ADDED ENTRY--PERSONAL NAME
Personal name Doughty, Charles Montagu,
Dates associated with a name 1849-1926
General subdivision Travel
Geographic subdivision Arabian Peninsula.
651 #0 - SUBJECT ADDED ENTRY--GEOGRAPHIC NAME
Geographic name Arabian Peninsula
General subdivision Description and travel.
9 (RLIN) 58777
Geographic name Arabian Peninsula
General subdivision Social life and customs.
9 (RLIN) 71180
700 1# - ADDED ENTRY--PERSONAL NAME
Personal name Legrand, Edy,
Dates associated with a name 1892-1970,
Relator term ill.
Personal name Lawrence, T. E.
Fuller form of name (Thomas Edward),
Dates associated with a name 1888-1935.
Personal name Macy, George,
Relator term book designer.
Personal name Silvers, Irvin,
Relator term printer.
Personal name Garnett, Edward,
Dates associated with a name 1868-1937.
710 2# - ADDED ENTRY--CORPORATE NAME
Corporate name or jurisdiction name as entry element Garamond Press,
Relator term printer.
9 (RLIN) 75732
Corporate name or jurisdiction name as entry element Limited Editions Club,
Relator term former owner.
Institution to which field applies DLC
9 (RLIN) 75733
Corporate name or jurisdiction name as entry element Limited Editions Club Collection (Library of Congress)
Institution to which field applies DLC
9 (RLIN) 52323
942 ## - ADDED ENTRY ELEMENTS (KOHA)
Source of classification or shelving scheme Dewey Decimal Classification
Koha item type Books
Holdings
Lost status Source of classification or shelving scheme Damaged status Not for loan Collection code Permanent Location Current Location Shelving location Date acquired Source of acquisition Cost, normal purchase price Total Checkouts Full call number Date last seen Copy number Koha item type
  Dewey Decimal Classification   Added to bundle Non-fiction Central Library, University of Rajshahi Central Library, University of Rajshahi Reading Room 12/09/1955 B.H.Black well 4.45   915.3 DOT V-2 1949 13/03/2014 C-1 Books